| 000 | 01178nam a22002657a 4500 | ||
|---|---|---|---|
| 005 | 20170124103026.0 | ||
| 010 | _aA-324627 | ||
| 020 | _c100.00 | ||
| 035 | _aA-324627 | ||
| 037 | _bCen Lib/Ret | ||
| 040 |
_aDPL _bHN |
||
| 082 |
_a821.08 _bशर्मा |
||
| 100 |
_aशर्मा , विजय _962285 |
||
| 245 |
_aकबीर और संत कबी अवतारसिंह तुलनात्मक अध्ययन / _cविजय शर्मा |
||
| 246 |
_aKabir aur sant kabi avtarsingh tulnatmak adhyyan _bby Vijay Sharma |
||
| 260 |
_aदिल्ली _bकनिष्क प्रकाशन _c1986 |
||
| 270 |
_a1449/67,गली न. 6-दुर्गा पूरी शाहदरा _bदिल्ली _e110032 |
||
| 300 |
_a252पृष्ठ. _c20सेमी(सजिल्द) |
||
| 500 | _aसहायक ग्रन्थ सूची शामिल | ||
| 650 |
_aहिंदी साहित्य _962286 |
||
| 650 |
_aकबीर जीवन _91541 |
||
| 650 |
_ahindi literature _962287 |
||
| 650 |
_aKabir - Life _962288 |
||
| 942 |
_2ddc _cHN _h821.08 _mशर्मा |
||
| 999 |
_c115614 _d115614 |
||